banner koha

Gene sh e ginandromorfia em inflorescências masculinas de híbridos F1 entre o caiaué e o dendezeiro (Registro n. 226240)

MARC details
000 -LÍDER
campo de controle de tamanho fixo 01011nas a2200325 4500
001 - NÚMERO DE CONTROLE
campo de controle BR2013001430
003 - IDENTIFICADOR DO NÚMERO DE CONTROLE
campo de controle BR-BrBNA
005 - DATA E HORÁRIO DA ÚLTIMA TRANSAÇÃO
campo de controle 20231205121956.0
007 - CAMPO FIXO DE DESCRIÇÃO FÍSICA--INFORMAÇÃO GERAL
campo de controle de tamanho fixo ta
008 - CAMPO DE DADOS FIXOS--INFORMAÇÃO GERAL
campo de controle de tamanho fixo 230509b bl.|||p| |||| 00| 00por d
040 ## - FONTE DA CATALOGAÇÃO
Instituição da catalogação original BR-BrBNA
Idioma da catalogação por
Instituição que transcreveu o registro Biblioteca Nacional de Agricultura
041 ## - CÓDIGO DE IDIOMA
Código do idioma do texto/trilha sonora ou título diferente (Pt)
072 ## - CÓDIGO DE CATEGORIA DE ASSUNTO
Código de Categoria de Assunto F30; F50
100 1# - ENTRADA PRINCIPAL--NOME PESSOAL
Nome pessoal Chia, G.S.
100 1# - ENTRADA PRINCIPAL--NOME PESSOAL
Nome pessoal Lopes, R.
100 1# - ENTRADA PRINCIPAL--NOME PESSOAL
Nome pessoal Cunha, R.N.V. da
100 1# - ENTRADA PRINCIPAL--NOME PESSOAL
Nome pessoal Rocha, R.N.C. da
100 1# - ENTRADA PRINCIPAL--NOME PESSOAL
Nome pessoal Rios, A. de A.
245 1# - TÍTULO
Título Gene sh e ginandromorfia em inflorescências masculinas de híbridos F1 entre o caiaué e o dendezeiro
650 ## - ASSUNTO--TERMO TÓPICO
Cabeçalho tópico ou nome geográfico CAIAUÉ
650 ## - ASSUNTO--TERMO TÓPICO
Cabeçalho tópico ou nome geográfico PALMEIRA OLEAGINOSA
650 ## - ASSUNTO--TERMO TÓPICO
Cabeçalho tópico ou nome geográfico DENDÊ
650 ## - ASSUNTO--TERMO TÓPICO
Cabeçalho tópico ou nome geográfico INFLORESCÊNCIA
650 ## - ASSUNTO--TERMO TÓPICO
Cabeçalho tópico ou nome geográfico CRUZAMENTO VEGETAL
650 ## - ASSUNTO--TERMO TÓPICO
Cabeçalho tópico ou nome geográfico MELHORAMENTO GENÉTICO VEGETAL
650 ## - ASSUNTO--TERMO TÓPICO
Cabeçalho tópico ou nome geográfico MÉTODO ESTATÍSTICO
773 0# - ENTRADA ANALÍTICA
Título Revista de Ciências Agrárias (Brazil)
ISSN - International Standard Serial Number ISSN 1517-591X
Partes relacionadas (jul-sep 2012), v. 55(3) p. 212-219
Número de controle do registro BR2013001430
909 ## -
-- 202311
-- Lúcia
-- 55
-- Lúcia Elande
942 ## - ELEMENTOS DE ENTRADA ADICIONADOS (KOHA)
Fonte da classificação ou esquema de arquivamento na estante Classificação AGRIS
Ocultar no OPAC Não
Tipo de material Koha Analítica
Exemplares
Situação do descarte Fonte da classificação ou esquema de arquivamento na estante Situação física Não pode ser emprestado Biblioteca de origem Biblioteca atual Localização na estante Enumeração do periódico / cronologia Total de empréstimos Data de último acesso Número do exemplar Tipo de material Koha Fonte de aquisição
  Classificação AGRIS   Consulta local Biblioteca Nacional de Agricultura - Binagri Biblioteca Nacional de Agricultura - Binagri   (jul-sep 2012), v. 55(3) p. 212-219   29/11/2023 01 Periódicos Portaria Interministerial nº 164/94

BINAGRI

Telefone: (61)3218-2567/2388/3357/2097 - binagri@agro.gov.br

Ministério da Agricultura e Pecuária , Esplanada dos Ministérios, Bloco D, Anexo B, Brasília/DF, CEP: 70.043-900